000 01569nam a22002657a 4500
008 130821s2006 xxua gr eng
020 _a0131892592
040 _aCo-BoUCM
_bspa
041 0 0 _aeng
100 1 _aScott, Gregory M.
_9161780
245 1 4 _aThe political science student writer's manual
_cGregory M. Scott, Stephen M. Garrison.
250 _a5a. Ed.
260 _aUpper Saddle River (Nueva Jersey, Estados Unidos)
_bPearson/Prentice Hall
_cc2006
300 _aviii, 183 páginas
_bilustraciones
504 _aIncluye referencias bibliográficas e índice.
505 0 _aA handbook of style for political science. Writing as communication ; Writing competently ; Paper formats ; Citing sources -- Conducting research in political science. Organizing the research process ; Library information resources ; Internet resources -- Writing the fundamentals of scholarship. Book reviews and article critiques ; Traditional research papers -- Critical thinking and acting in politics. Writing to communicate and act ; Critical thinking exercises -- Writing assignments for advanced students. Policy analysis papers ; Amicus curiae briefs ; Public opinion survey papers.
650 0 4 _aCiencia política
_9340
650 0 4 _aCiencia política
_vArte de escribir
_9340
650 0 4 _aCiencia política
_vEscritos académicos
_9340
650 0 4 _aCiencia política
_xInvestigaciones
_950743
650 0 4 _aLiteratura
_918599
700 1 _aGarrison, Stephen M.
_9161777
942 _cLIBRO
_a18
_e5
_mS425p
_2DEWEY
_h808.06632
999 _c88230
_d88230